000 00439pab a2200157 454500
008 180718b1999 xxu||||| |||| 00| 0 eng d
100 _aRakshit, Nirmalendu Bikash
245 _aRight to constitutional remedy: significance of Article 32
260 _c1999
300 _ap.2379-381
362 _a21 Aug & 28 Sep
650 _aIndia. Constitution
650 _aConstitutions
773 _aEconomic and Political Weekly
909 _a42033
999 _c42033
_d42033